Malaysia palm oil : nature's gift to Malaysia, Malaysia's gift to the world.
| Format: | Book |
|---|---|
| Published: |
Kuala Lumpur:
Malaysian Palm Oil Promotion Council,
1995.
|
| Subjects: |
| LEADER | 00489cam a2200145 7i4500 | ||
|---|---|---|---|
| 001 | 0000022501 | ||
| 005 | 20090403090000.0 | ||
| 020 | 0 | 0 | |a 983-9191-00-4 |
| 090 | 0 | 0 | |a M 641.583 |b MAL |
| 245 | 0 | 0 | |a Malaysia palm oil : |b nature's gift to Malaysia, Malaysia's gift to the world. |
| 260 | 0 | 0 | |a Kuala Lumpur: |b Malaysian Palm Oil Promotion Council, |c 1995. |
| 300 | # | # | |a 180 p. |
| 650 | 0 | 0 | |a Malaysia |
| 650 | 0 | 0 | |a Palm oil industry -- |z Malaysia |
| 999 | |a PNG000801H |b Book |c Malaysia |e MATRADE Northern Regional Office | ||


